[Event "Lindores Abbey Tal Blitz 2021"]
[Site "Riga"]
[Date "2021.11.08"]
[Round "15.18"]
[White "Durarbayli, Vasif"]
[Black "Sarana, Alexey"]
[Result "0-1"]
[WhiteElo "2629"]
[BlackElo "2656"]
[Annotator "TA"]
[PlyCount "62"]
[EventDate "2021.11.02"]
[EventType "swiss"]
[EventCountry "LAT"]
[SourceTitle "playchess.com"]
[Source "ChessBase"]
[SourceQuality "1"]

1. e4 c5 2. Nf3 d6 3. d4 cxd4 4. Nxd4 Nf6 5. Nc3 a6 6. h4 e5 7. Nf5 d5 8. Qf3
d4 9. Nd5 Nxd5 10. exd5 Bxf5 11. Qxf5 Nd7 12. c3 g6 13. Qh3 dxc3 14. bxc3 h5
15. Be2 Bc5 16. Rb1 b5 17. O-O Nf6 18. Bg5 Qd6 19. c4 b4 20. Kh1 Ne4 21. f4 O-O
22. f5 Nxg5 23. hxg5 e4 24. Bxh5 gxh5 25. f6 Rfe8 26. Rbe1 b3 27. axb3 Rab8 28.
Qxh5 Qg3 29. Rd1 Re5 30. d6 Rxg5 31. Qh6 Qxg2# 0-1

[Event "Lindores Abbey Tal Blitz 2021"]
[Site "Riga"]
[Date "2021.11.08"]
[Round "15.19"]
[White "Bluebaum, Matthias"]
[Black "Sargissian, Gabriel"]
[Result "0-1"]
[WhiteElo "2647"]
[BlackElo "2664"]
[Annotator "TA"]
[PlyCount "134"]
[EventDate "2021.11.02"]
[EventType "swiss"]
[EventCountry "LAT"]
[SourceTitle "playchess.com"]
[Source "ChessBase"]
[SourceQuality "1"]

1. d4 Nf6 2. c4 e6 3. Nc3 d5 4. cxd5 exd5 5. Bg5 c6 6. e3 h6 7. Bh4 Be7 8. Bd3
O-O 9. Nge2 Re8 10. O-O Nh5 11. Bxe7 Qxe7 12. Qd2 Nd7 13. Rae1 Nf8 14. Nc1 Bd7
15. Nb3 Rad8 16. f3 Bc8 17. Qf2 b6 18. Kh1 Ne6 19. a3 c5 20. Bc2 Ba6 21. Rg1
Nf6 22. Rd1 cxd4 23. Nxd4 Nxd4 24. exd4 Qe3 25. Qxe3 Rxe3 26. Rge1 Rde8 27.
Rxe3 Rxe3 28. Kg1 Kf8 29. Kf2 Re7 30. Bb3 Rd7 31. Re1 Bc4 32. Ba4 Re7 33. Rc1
Re6 34. b3 Ba6 35. Bb5 Bb7 36. Nd1 a6 37. Bd3 Re7 38. Ne3 g6 39. g4 Ke8 40. h4
Kd8 41. g5 hxg5 42. hxg5 Nh5 43. Ng4 Nf4 44. Rd1 Ne6 45. Rh1 Nxd4 46. Nf6 Nxb3
47. Rh8+ Kc7 48. Rh7 Kd6 49. f4 Nc5 50. Bc2 d4 51. Rh8 d3 52. Bd1 Ne4+ 53.
Nxe4+ Bxe4 54. Ke3 Bf5+ 55. Kd2 Re4 56. Rd8+ Kc7 57. Rf8 Be6 58. f5 gxf5 59.
Bh5 Kd6 60. Rb8 b5 61. Rb6+ Ke5 62. Rxa6 Rh4 63. Bf3 Bc4 64. Bc6 Kd4 65. Be8
Rh2+ 66. Kc1 d2+ 67. Kc2 Bb3+ 0-1

[Event "Lindores Abbey Tal Blitz 2021"]
[Site "Riga"]
[Date "2021.11.08"]
[Round "15.20"]
[White "Kravtsiv, Martyn"]
[Black "Kuzubov, Yuriy"]
[Result "1-0"]
[WhiteElo "2616"]
[BlackElo "2637"]
[Annotator "TA"]
[PlyCount "117"]
[EventDate "2021.11.02"]
[EventType "swiss"]
[EventCountry "LAT"]
[SourceTitle "playchess.com"]
[Source "ChessBase"]
[SourceQuality "1"]

1. e4 e5 2. Nf3 Nf6 3. Nc3 Nc6 4. a4 h6 5. Bb5 d6 6. d4 Bd7 7. O-O exd4 8. Nxd4
g6 9. Re1 Be7 10. Bxc6 Bxc6 11. Nxc6 bxc6 12. e5 dxe5 13. Qxd8+ Kxd8 14. Rxe5
Bd6 15. Re2 Rb8 16. b3 Kd7 17. Be3 Rbe8 18. Rd1 a6 19. Bd4 Rxe2 20. Nxe2 Re8
21. Kf1 Ng4 22. h3 c5 23. Bxc5 Nf6 24. Bd4 Ne4 25. f3 Ng5 26. Nc3 Kc6 27. Bf2
Ne6 28. Ne4 Be7 29. Be3 h5 30. Re1 Ng7 31. Bf2 Ne6 32. Rd1 Ng7 33. Nd2 Bb4 34.
Nc4 Nf5 35. g4 hxg4 36. hxg4 Nd6 37. Nb2 Bc5 38. Nd3 Bxf2 39. Kxf2 a5 40. Re1
Rh8 41. Kg3 Kd5 42. Re5+ Kd4 43. Rxa5 f5 44. Ra7 g5 45. Rxc7 f4+ 46. Kg2 Ke3
47. Rd7 Ne8 48. Nf2 Nf6 49. Rd3+ Ke2 50. a5 Rc8 51. c3 Rc6 52. b4 Ne8 53. b5
Rc5 54. Rd8 Nf6 55. a6 Nd5 56. Rxd5 Rxd5 57. a7 Rd8 58. b6 Ke1 59. Ne4 1-0

[Event "Lindores Abbey Tal Blitz 2021"]
[Site "Riga"]
[Date "2021.11.08"]
[Round "15.21"]
[White "Pichot, Alan"]
[Black "Kovalev, Vladislav"]
[Result "0-1"]
[WhiteElo "2630"]
[BlackElo "2634"]
[Annotator "TA"]
[PlyCount "65"]
[EventDate "2021.11.02"]
[EventType "swiss"]
[EventCountry "LAT"]
[SourceTitle "playchess.com"]
[Source "ChessBase"]
[SourceQuality "1"]

1. e4 e5 2. Nf3 Nc6 3. Bb5 a6 4. Ba4 Nf6 5. O-O Be7 6. Re1 b5 7. Bb3 d6 8. c3
O-O 9. d3 Na5 10. Bc2 c5 11. Nbd2 Re8 12. Nf1 Bf8 13. Ng3 g6 14. a4 Bd7 15. d4
Qc7 16. d5 c4 17. h3 Nb7 18. Bg5 Bg7 19. Qd2 Nc5 20. axb5 axb5 21. Bh6 Bh8 22.
Be3 Ra7 23. Reb1 Rea8 24. Qd1 Bg7 25. Nd2 h5 26. Rxa7 Rxa7 27. b4 cxb3 28. Nxb3
Na4 29. Ne2 Ra8 30. Bd2 Nb6 31. Bd3 Nc4 32. Bg5 Nh7 33. Bc1 0-1

[Event "Lindores Abbey Tal Blitz 2021"]
[Site "Riga"]
[Date "2021.11.08"]
[Round "15.22"]
[White "Van Foreest, Jorden"]
[Black "Bartel, Mateusz"]
[Result "0-1"]
[WhiteElo "2701"]
[BlackElo "2619"]
[Annotator "ChessBase"]
[PlyCount "111"]
[EventDate "2021.11.02"]
[EventType "swiss"]
[EventCountry "LAT"]
[SourceTitle "playchess.com"]
[Source "ChessBase"]
[SourceQuality "1"]

1. e4 e5 2. Ne2 Nc6 3. Nbc3 Nf6 4. g3 Bc5 5. Bg2 d6 6. h3 a6 7. d3 h6 8. O-O
Be6 9. Be3 Nd4 10. Bxd4 exd4 11. Nd5 Bxd5 12. exd5 O-O 13. c3 dxc3 14. bxc3 b5
15. a4 Qd7 16. d4 Bb6 17. Nf4 Rfe8 18. h4 b4 19. cxb4 a5 20. Bh3 Qe7 21. bxa5
Rxa5 22. Bf5 Nxd5 23. Nxd5 Rxd5 24. Qf3 Ra5 25. Rfd1 Qf6 26. Be4 Bxd4 27. Ra2
Qxf3 28. Bxf3 Bb6 29. Kg2 Ree5 30. h5 Kf8 31. Rc1 Ke7 32. Rc4 d5 33. Rg4 Kf8
34. Rb4 d4 35. Rc4 Ke7 36. Rc6 Rec5 37. Re2+ Kf8 38. Rxc5 Rxc5 39. Be4 Rxh5 40.
Bd3 Rc5 41. Bb5 g6 42. Re8+ Kg7 43. Ra8 Rd5 44. Bd3 Ra5 45. Rxa5 Bxa5 46. Kf3
Kf6 47. Ke4 Ke6 48. Bc4+ Ke7 49. Kd5 h5 50. Bd3 g5 51. Ke5 Be1 52. Kf5 f6 53.
f4 h4 54. gxh4 gxh4 55. Kg4 Kd6 56. Kf3 0-1

[Event "Lindores Abbey Tal Blitz 2021"]
[Site "Riga"]
[Date "2021.11.08"]
[Round "15.23"]
[White "Sasikiran, Krishnan"]
[Black "Cheparinov, Ivan"]
[Result "1/2-1/2"]
[WhiteElo "2640"]
[BlackElo "2677"]
[Annotator "TA"]
[PlyCount "118"]
[EventDate "2021.11.02"]
[EventType "swiss"]
[EventCountry "LAT"]
[SourceTitle "playchess.com"]
[Source "ChessBase"]
[SourceQuality "1"]

1. d4 Nf6 2. c4 e6 3. Nf3 d5 4. Nc3 c6 5. e3 Nbd7 6. Qc2 Bd6 7. Be2 O-O 8. O-O
b6 9. b3 Bb7 10. Bb2 Rc8 11. Rad1 c5 12. dxc5 Nxc5 13. Rd4 e5 14. Rdd1 Qe7 15.
Nxd5 Nxd5 16. cxd5 e4 17. Nd4 Qe5 18. g3 Nd3 19. Qb1 Nxb2 20. Qxb2 Bxd5 21. Qd2
Bb7 22. Bg4 Rcd8 23. Qc2 Bc5 24. Ne2 Ba6 25. Rxd8 Rxd8 26. Rd1 Bd3 27. Qd2 Rd6
28. Nf4 Ba6 29. Qc1 g6 30. Be2 Bb7 31. Rxd6 Qxd6 32. h4 h5 33. Kg2 a5 34. Qc2
Qe5 35. Bc4 Kg7 36. Qd1 Qd6 37. Qxd6 Bxd6 38. Bd5 Bxd5 39. Nxd5 Bc5 40. Kf1 f5
41. Ke2 Kf7 42. Nf4 b5 43. Nd5 Bd6 44. Nc3 b4 45. Nd5 Bc5 46. Nf4 Kf6 47. Nh3
Ke5 48. Nf4 Kf6 49. Kf1 Bd6 50. Nh3 Ke5 51. Nf4 Kf6 52. Nd5+ Ke6 53. Nb6 Bc7
54. Nc4 Kd5 55. Ke2 Bd8 56. Nb2 Bf6 57. Nc4 Bd8 58. Nb2 Bf6 59. Nc4 Bd8 1/2-1/2

[Event "Lindores Abbey Tal Blitz 2021"]
[Site "Riga"]
[Date "2021.11.08"]
[Round "15.24"]
[White "Ter-Sahakyan, Samvel"]
[Black "Anton Guijarro, David"]
[Result "0-1"]
[WhiteElo "2615"]
[BlackElo "2669"]
[Annotator "TA"]
[PlyCount "78"]
[EventDate "2021.11.02"]
[EventType "swiss"]
[EventCountry "LAT"]
[SourceTitle "playchess.com"]
[Source "ChessBase"]
[SourceQuality "1"]

1. e4 c6 2. Nf3 d5 3. Nc3 Bg4 4. h3 Bxf3 5. Qxf3 e6 6. Be2 Nf6 7. O-O Be7 8. d4
dxe4 9. Qe3 Nbd7 10. Nxe4 Nxe4 11. Qxe4 O-O 12. c3 a5 13. a4 Nf6 14. Qc2 Nd5
15. Qb3 Rb8 16. Bf3 Bg5 17. Bxg5 Qxg5 18. Rfe1 g6 19. Re5 Qd8 20. Rae1 b5 21.
axb5 Rxb5 22. Qa3 Rb7 23. c4 Ne7 24. Qc3 a4 25. Ra1 Rb3 26. Qd2 Nf5 27. d5 cxd5
28. cxd5 Qf6 29. Rae1 Rxf3 30. gxf3 Nh4 31. R5e3 Qg5+ 32. Kf1 Nxf3 33. Qc3 Nxe1
34. dxe6 fxe6 35. Rxe1 Qf5 36. Re2 h5 37. Kg2 Qd5+ 38. Kg1 Rf5 39. Qe3 Rg5+ 0-1

[Event "Lindores Abbey Tal Blitz 2021"]
[Site "Riga"]
[Date "2021.11.08"]
[Round "15.25"]
[White "Jumabayev, Rinat"]
[Black "Oparin, Grigoriy"]
[Result "1-0"]
[WhiteElo "2658"]
[BlackElo "2659"]
[Annotator "TA"]
[PlyCount "177"]
[EventDate "2021.11.02"]
[EventType "swiss"]
[EventCountry "LAT"]
[SourceTitle "playchess.com"]
[Source "ChessBase"]
[SourceQuality "1"]

1. d4 Nf6 2. Nf3 e6 3. Bf4 d5 4. e3 c5 5. c3 Nc6 6. Nbd2 cxd4 7. exd4 Nh5 8.
Be3 Bd6 9. Ne5 g6 10. Nd3 O-O 11. Be2 Ng7 12. Bf4 f6 13. Nf3 b6 14. Qd2 Ba6 15.
O-O Bxd3 16. Bxd3 Qc7 17. Bxd6 Qxd6 18. Rfe1 Rad8 19. Bb5 Ne7 20. Re2 Nef5 21.
Rae1 Qc7 22. Bd3 Nd6 23. Qf4 Qd7 24. h4 Rde8 25. a3 Qd8 26. Qg4 Re7 27. h5 f5
28. Qh4 gxh5 29. Ne5 Ree8 30. Qxd8 Rxd8 31. Bc2 Ne4 32. Nd3 Kf7 33. f3 Ng3 34.
Re5 h4 35. Nf4 Rd6 36. Kh2 N3h5 37. Nh3 Kf6 38. Bb3 b5 39. Kg1 a5 40. Kf2 Rb8
41. R5e2 Rc6 42. Ra1 Ne8 43. Rae1 Nc7 44. Re5 Na8 45. Ke3 Nb6 46. Kd2 Nc4+ 47.
Bxc4 bxc4 48. Kc1 Rcb6 49. R1e2 Rg8 50. a4 Rg3 51. Kc2 Rg7 52. Kb1 Rgb7 53. Ka2
Rb8 54. Ka1 Ng3 55. Rd2 Nh5 56. Rde2 R8b7 57. Ka2 h6 58. Ka1 Rg7 59. Ka2 Rg3
60. Rf2 Rxh3 61. gxh3 Nf4 62. Rf1 Rb7 63. Rg1 Nxh3 64. Rh1 Nf4 65. Rxh4 Kg5 66.
Rh1 h5 67. Ree1 Rh7 68. Reg1+ Kf6 69. Rg8 h4 70. Rf8+ Ke7 71. Ra8 Rh6 72. Rxa5
h3 73. Rb5 Rh8 74. a5 Kd6 75. b4 cxb3+ 76. Kxb3 Kc6 77. Rb6+ Kc7 78. Kb4 Rg8
79. Ka4 Rg2 80. Rb3 Rg8 81. Rh2 Rg2 82. Rh1 h2 83. a6 Nd3 84. a7 Nb2+ 85. Kb5
Kb7 86. Ra1 Ka8 87. Kc6 Na4 88. Rxa4 Rg8 89. Rb8+ 1-0

[Event "Lindores Abbey Tal Blitz 2021"]
[Site "Riga"]
[Date "2021.11.08"]
[Round "15.26"]
[White "Ivic, Velimir"]
[Black "Maghsoodloo, Parham"]
[Result "0-1"]
[WhiteElo "2620"]
[BlackElo "2706"]
[Annotator "RC"]
[PlyCount "44"]
[EventDate "2021.11.02"]
[EventType "swiss"]
[EventCountry "LAT"]
[SourceTitle "playchess.com"]
[Source "ChessBase"]
[SourceQuality "1"]

1. e4 c5 2. Nf3 Nc6 3. d4 cxd4 4. Nxd4 e5 5. Nb5 d6 6. c4 Be6 7. Be2 g6 8. O-O
a6 9. N5c3 Nf6 10. Na3 Bg7 11. Be3 Rc8 12. Rc1 O-O 13. Qd2 Nd4 14. Bd3 Ng4 15.
Bxd4 exd4 16. Ne2 Qh4 17. h3 Ne5 18. f4 Bh6 19. Nxd4 Bxh3 20. Bb1 Be6 21. Rc3
Bd7 22. Qe2 Bxf4 0-1

[Event "Lindores Abbey Tal Blitz 2021"]
[Site "Riga"]
[Date "2021.11.08"]
[Round "15.27"]
[White "Stefanova, Antoaneta"]
[Black "Indjic, Aleksandar"]
[Result "0-1"]
[WhiteElo "2475"]
[BlackElo "2612"]
[Annotator "TA"]
[PlyCount "90"]
[EventDate "2021.11.02"]
[EventType "swiss"]
[EventCountry "LAT"]
[SourceTitle "playchess.com"]
[Source "ChessBase"]
[SourceQuality "1"]

1. d4 Nf6 2. Nf3 e6 3. e3 b6 4. Bd3 Bb7 5. O-O c5 6. b3 g6 7. Bb2 Bg7 8. dxc5
bxc5 9. e4 O-O 10. e5 Nh5 11. Nc3 Bxf3 12. Qxf3 Nc6 13. Na4 Nxe5 14. Bxe5 Bxe5
15. Rae1 Qc7 16. g3 Bg7 17. c4 f5 18. Bc2 Bd4 19. Nc3 a6 20. Ne2 Bg7 21. Rd1
Nf6 22. Nf4 Ng4 23. Rd2 Ne5 24. Qe3 Qb7 25. Bd1 Rac8 26. Be2 Qe4 27. Qxe4 fxe4
28. Rd6 a5 29. Rfd1 Bh6 30. Ng2 Rf7 31. Ra6 Nc6 32. Ne3 Nd4 33. Bf1 Rcf8 34.
Ng4 Bg7 35. Bg2 h5 36. Ne3 Rxf2 37. Rxa5 Re2 38. Nf1 d6 39. Ra6 Be5 40. Rb6 e3
41. a4 Nc2 42. a5 Rxg2+ 43. Kxg2 e2 44. Rc1 exf1=Q+ 45. Rxf1 Ne3+ 0-1

[Event "Lindores Abbey Tal Blitz 2021"]
[Site "Riga"]
[Date "2021.11.08"]
[Round "15.28"]
[White "Ganguly, Surya Shekhar"]
[Black "Swiercz, Dariusz"]
[Result "0-1"]
[WhiteElo "2633"]
[BlackElo "2647"]
[Annotator "TA"]
[PlyCount "122"]
[EventDate "2021.11.02"]
[EventType "swiss"]
[EventCountry "LAT"]
[SourceTitle "playchess.com"]
[Source "ChessBase"]
[SourceQuality "1"]

1. Nf3 Nf6 2. c4 g6 3. Nc3 Bg7 4. e4 d6 5. d4 O-O 6. Be2 e5 7. O-O Na6 8. Re1
c6 9. Bf1 exd4 10. Nxd4 Ng4 11. h3 Qb6 12. hxg4 Qxd4 13. Qe2 Qe5 14. g3 Qe7 15.
Bf4 Nc5 16. Qd2 Be5 17. f3 Ne6 18. g5 f6 19. gxf6 Qxf6 20. Bxe5 dxe5 21. Bg2 h5
22. f4 exf4 23. e5 Qg5 24. Ne4 Qxe5 25. Rad1 f3 26. Bh3 f2+ 27. Nxf2 Qxg3+ 28.
Bg2 Nf4 29. Ne4 Qxg2+ 30. Qxg2 Nxg2 31. Kxg2 Bg4 32. Rd6 Kg7 33. Nc5 Rae8 34.
Rxe8 Rxe8 35. Nxb7 Re2+ 36. Kg3 Rxb2 37. Nd8 c5 38. Rc6 Rxa2 39. Rxc5 a5 40.
Rc7+ Kf6 41. Rc6+ Ke7 42. Nb7 a4 43. Rxg6 Rb2 44. Nc5 a3 45. Ra6 a2 46. Ne4 Rc2
47. Kf4 Be2 48. Ra7+ Ke6 49. Ra6+ Kd7 50. Nc5+ Ke7 51. Ke5 Bxc4 52. Ra7+ Kf8
53. Ne4 Re2 54. Ra8+ Kg7 55. Kf5 Bd3 56. Ra7+ Kf8 57. Ra8+ Ke7 58. Ra7+ Kd8 59.
Ke5 Bxe4 60. Kd6 Ke8 61. Ke6 Bg2+ 0-1

[Event "Lindores Abbey Tal Blitz 2021"]
[Site "Riga"]
[Date "2021.11.08"]
[Round "15.29"]
[White "Kovalenko, Igor"]
[Black "Meshkovs, Nikita"]
[Result "1-0"]
[WhiteElo "2668"]
[BlackElo "2557"]
[Annotator "TA"]
[PlyCount "37"]
[EventDate "2021.11.02"]
[EventType "swiss"]
[EventCountry "LAT"]
[SourceTitle "playchess.com"]
[Source "ChessBase"]
[SourceQuality "1"]

1. d4 Nf6 2. Nf3 e6 3. e3 b6 4. Bd3 c5 5. O-O Be7 6. c4 cxd4 7. exd4 Bb7 8. Nc3
O-O 9. d5 exd5 10. cxd5 Re8 11. Re1 Na6 12. Bg5 Nb4 13. Bc4 Rc8 14. Bb3 h6 15.
Bh4 g5 16. Bg3 Ba6 17. Ne5 Bc5 18. a3 Rxe5 19. axb4 1-0

[Event "Lindores Abbey Tal Blitz 2021"]
[Site "Riga"]
[Date "2021.11.08"]
[Round "15.30"]
[White "Yilmaz, Mustafa"]
[Black "Kryvoruchko, Yuriy"]
[Result "1-0"]
[WhiteElo "2626"]
[BlackElo "2681"]
[Annotator "TA"]
[PlyCount "45"]
[EventDate "2021.11.02"]
[EventType "swiss"]
[EventCountry "LAT"]
[SourceTitle "playchess.com"]
[Source "ChessBase"]
[SourceQuality "1"]

1. d4 Nf6 2. c4 e6 3. g3 Bb4+ 4. Nd2 c5 5. a3 Bxd2+ 6. Qxd2 cxd4 7. Nf3 b6 8.
Bg2 Bb7 9. O-O O-O 10. Qxd4 Nc6 11. Qd3 Rc8 12. b4 d5 13. cxd5 Qxd5 14. Qxd5
Nxd5 15. Bb2 a5 16. b5 Na7 17. a4 Rc2 18. Ba3 Nb4 19. Rfd1 Rc3 20. Rd7 Rb8 21.
Bb2 Rc2 22. Be5 Bxf3 23. Bxb8 1-0

[Event "Lindores Abbey Tal Blitz 2021"]
[Site "Riga"]
[Date "2021.11.08"]
[Round "15.31"]
[White "Vokhidov, Shamsiddin"]
[Black "Sethuraman, S.P.."]
[Result "1/2-1/2"]
[WhiteElo "2521"]
[BlackElo "2620"]
[Annotator "TA"]
[PlyCount "71"]
[EventDate "2021.11.02"]
[EventType "swiss"]
[EventCountry "LAT"]
[SourceTitle "playchess.com"]
[Source "ChessBase"]
[SourceQuality "1"]

1. e4 c5 2. Nc3 d6 3. Nge2 Nf6 4. d4 cxd4 5. Nxd4 a6 6. h3 e6 7. g4 Be7 8. Bg2
Nfd7 9. Be3 b5 10. O-O Bb7 11. f4 Nc6 12. f5 Nxd4 13. Qxd4 O-O 14. a4 bxa4 15.
Nxa4 Qc7 16. Qd2 Bc6 17. Nc3 Rfe8 18. Ne2 Qb7 19. Ng3 Qxb2 20. Bd4 Qb7 21. fxe6
fxe6 22. Bxg7 Kxg7 23. Nh5+ Kh8 24. Rf7 Qb2 25. Raf1 Bf8 26. Qg5 Qe5 27. Rxh7+
Kxh7 28. Rf7+ Kh8 29. Qg6 Qd4+ 30. Kh1 Qa1+ 31. Kh2 Qe5+ 32. Kg1 Qd4+ 33. Kh1
Qa1+ 34. Kh2 Qe5+ 35. Kg1 Qd4+ 36. Kh1 1/2-1/2

[Event "Lindores Abbey Tal Blitz 2021"]
[Site "Riga"]
[Date "2021.11.08"]
[Round "15.32"]
[White "Henriquez Villagra, Cristobal"]
[Black "Kuybokarov, Temur"]
[Result "1/2-1/2"]
[WhiteElo "2608"]
[BlackElo "2549"]
[Annotator "TA"]
[PlyCount "132"]
[EventDate "2021.11.02"]
[EventType "swiss"]
[EventCountry "LAT"]
[SourceTitle "playchess.com"]
[Source "ChessBase"]
[SourceQuality "1"]

1. Nf3 d5 2. d4 Nf6 3. Bf4 c5 4. e3 Nc6 5. Nbd2 Bg4 6. c3 e6 7. Qa4 Nd7 8. Ne5
Ndxe5 9. dxe5 Be7 10. Bg3 Bh5 11. Bd3 O-O 12. O-O a6 13. Qc2 Bg6 14. Bxg6 hxg6
15. Rad1 b5 16. Nf3 Qb6 17. h4 b4 18. c4 Rad8 19. b3 dxc4 20. Qxc4 Qb5 21. Qe4
Rxd1 22. Rxd1 Rd8 23. Rxd8+ Nxd8 24. Bf4 Qc6 25. Qd3 a5 26. e4 a4 27. g3 Kf8
28. Nd2 Ke8 29. Nc4 Nb7 30. Kg2 axb3 31. axb3 Qd7 32. Qf3 Qd4 33. Kg1 Qc3 34.
Qxc3 bxc3 35. Kf1 Nd8 36. Ke2 Nc6 37. Kd3 Nd4 38. Kxc3 Ne2+ 39. Kd3 Nxf4+ 40.
gxf4 Bxh4 41. Ke3 Kd7 42. Nd6 f6 43. Nc4 f5 44. exf5 gxf5 45. Nb2 Kc6 46. Nd3
Kd5 47. Nb2 g5 48. fxg5 Bxg5+ 49. f4 Bd8 50. Nc4 Kc6 51. Kd3 Bh4 52. Nd6 Bg3
53. Ke3 Be1 54. Nf7 Ba5 55. Kd3 Kd5 56. Ke3 Be1 57. Kd3 Bb4 58. Ng5 Ba5 59. Nf7
Bb6 60. Nd6 Bd8 61. Ne8 Ba5 62. Nf6+ Kc6 63. Ne8 Kd5 64. Nf6+ Kc6 65. Ne8 Kd5
66. Nf6+ Kc6 1/2-1/2

[Event "Lindores Abbey Tal Blitz 2021"]
[Site "Riga"]
[Date "2021.11.08"]
[Round "15.33"]
[White "Assaubayeva, Bibisara"]
[Black "Saric, Ivan"]
[Result "0-1"]
[WhiteElo "2400"]
[BlackElo "2665"]
[Annotator "TA"]
[PlyCount "98"]
[EventDate "2021.11.02"]
[EventType "swiss"]
[EventCountry "LAT"]
[SourceTitle "playchess.com"]
[Source "ChessBase"]
[SourceQuality "1"]

1. d4 Nf6 2. c4 c5 3. d5 g6 4. Nc3 d6 5. e4 Bg7 6. h3 O-O 7. Nf3 e6 8. Bd3 Re8
9. Be3 Na6 10. O-O Nc7 11. Qc2 Bd7 12. dxe6 Nxe6 13. Rad1 Nh5 14. Nd5 Bc6 15.
Rfe1 Nc7 16. Bg5 Nf6 17. e5 Bxd5 18. cxd5 dxe5 19. Nxe5 h6 20. d6 hxg5 21. Nxf7
Rxe1+ 22. Rxe1 Kxf7 23. Bxg6+ Kf8 24. Qxc5 Ncd5 25. Re8+ Nxe8 26. d7+ Nd6 27.
Qxd6+ Ne7 28. Be8 Qb6 29. Qd3 Rxe8 30. Qf3+ Qf6 31. dxe8=Q+ Kxe8 32. Qxb7 Qxb2
33. Qxa7 Bd4 34. Qa8+ Kf7 35. Qf3+ Kg7 36. a4 Ng6 37. Qf5 Qc1+ 38. Kh2 Qf4+ 39.
Qxf4 gxf4 40. f3 Bf2 41. a5 Ne5 42. a6 Nc6 43. h4 Kg6 44. Kh3 Kh5 45. a7 Nxa7
46. g4+ fxg3 47. f4 Nc6 48. f5 Ne5 49. f6 Ng6 0-1

[Event "Lindores Abbey Tal Blitz 2021"]
[Site "Riga"]
[Date "2021.11.08"]
[Round "15.34"]
[White "Rakotomaharo, Fy Antenaina"]
[Black "Ponomariov, Ruslan"]
[Result "1-0"]
[WhiteElo "2487"]
[BlackElo "2633"]
[Annotator "TA"]
[PlyCount "85"]
[EventDate "2021.11.02"]
[EventType "swiss"]
[EventCountry "LAT"]
[SourceTitle "playchess.com"]
[Source "ChessBase"]
[SourceQuality "1"]

1. e4 e6 2. d4 d5 3. e5 c5 4. c3 Nc6 5. Nf3 Qb6 6. Be2 cxd4 7. cxd4 Nh6 8. Bxh6
gxh6 9. Qd2 Bg7 10. Nc3 O-O 11. O-O f6 12. Rae1 fxe5 13. dxe5 Bd7 14. Nxd5 exd5
15. Qxd5+ Kh8 16. Qxd7 Qxb2 17. e6 Rad8 18. Qc7 Rc8 19. Qg3 Qxa2 20. Bb5 Ne7
21. Ne5 Nf5 22. Qh3 Qxe6 23. Bd7 Qf6 24. Bxc8 Rxc8 25. Ng4 Qf8 26. Ne3 Nd4 27.
Kh1 a5 28. Rc1 Ra8 29. Nd5 Qf7 30. Rc8+ Rxc8 31. Qxc8+ Qg8 32. Qxb7 a4 33. Ne7
Qf7 34. Qa8+ Bf8 35. Nc6 Nxc6 36. Qxc6 a3 37. Qc3+ Kg8 38. Qg3+ Kh8 39. Qc3+
Kg8 40. f3 Qd5 41. Qc1 a2 42. Rd1 Qb3 43. Qd2 1-0

[Event "Lindores Abbey Tal Blitz 2021"]
[Site "Riga"]
[Date "2021.11.08"]
[Round "15.35"]
[White "Ponkratov, Pavel"]
[Black "Morovic Fernandez, Ivan"]
[Result "0-1"]
[WhiteElo "2662"]
[BlackElo "2510"]
[Annotator "TA"]
[PlyCount "60"]
[EventDate "2021.11.02"]
[EventType "swiss"]
[EventCountry "LAT"]
[SourceTitle "playchess.com"]
[Source "ChessBase"]
[SourceQuality "1"]

1. e4 e5 2. Nc3 Nf6 3. f4 d5 4. fxe5 Nxe4 5. Qf3 Nxc3 6. dxc3 Be7 7. Bf4 O-O 8.
O-O-O Be6 9. h4 Qd7 10. Qg3 c5 11. Nf3 Kh8 12. h5 h6 13. Bd3 Nc6 14. Kb1 Rad8
15. Bxh6 gxh6 16. Qf4 Kg7 17. Rh3 Bxh3 18. gxh3 Rh8 19. Rg1+ Kf8 20. Bf5 Qc7
21. Qg3 Bf6 22. exf6 Qxg3 23. Rxg3 Rg8 24. Bg4 Rd6 25. b3 Rxf6 26. Nh4 Rf1+ 27.
Kb2 f5 28. Ng6+ Rxg6 29. hxg6 fxg4 30. Rxg4 Kg7 0-1

[Event "Lindores Abbey Tal Blitz 2021"]
[Site "Riga"]
[Date "2021.11.08"]
[Round "15.36"]
[White "Zhou, Jianchao"]
[Black "Volokitin, Andrei"]
[Result "1/2-1/2"]
[WhiteElo "2616"]
[BlackElo "2656"]
[Annotator "RC"]
[PlyCount "44"]
[EventDate "2021.11.02"]
[EventType "swiss"]
[EventCountry "LAT"]
[SourceTitle "playchess.com"]
[Source "ChessBase"]
[SourceQuality "1"]

1. d4 Nf6 2. c4 g6 3. Nc3 d5 4. Nf3 Bg7 5. cxd5 Nxd5 6. e4 Nxc3 7. bxc3 c5 8.
Rb1 O-O 9. Be2 cxd4 10. cxd4 Qa5+ 11. Bd2 Qxa2 12. O-O Bg4 13. Rxb7 Bxf3 14.
Bxf3 Bxd4 15. Bb4 Nc6 16. Bxe7 Nxe7 17. Qxd4 Qe6 18. Bd1 Nc6 19. Qc5 Rac8 20.
Bb3 Qxe4 21. Bd5 Qd4 22. Qxd4 Nxd4 1/2-1/2

[Event "Lindores Abbey Tal Blitz 2021"]
[Site "Riga"]
[Date "2021.11.08"]
[Round "15.37"]
[White "Demchenko, Anton"]
[Black "Gunina, Valentina"]
[Result "0-1"]
[WhiteElo "2655"]
[BlackElo "2480"]
[Annotator "RC"]
[PlyCount "66"]
[EventDate "2021.11.02"]
[EventType "swiss"]
[EventCountry "LAT"]
[SourceTitle "playchess.com"]
[Source "ChessBase"]
[SourceQuality "1"]

1. e4 c6 2. d4 d5 3. Nd2 dxe4 4. Nxe4 Nf6 5. Nxf6+ exf6 6. Nf3 Bd6 7. Bd3 O-O
8. O-O Bg4 9. h3 Bh5 10. Bf5 Re8 11. Qd3 Bg6 12. Nh4 Na6 13. c3 Nc7 14. Bd2 Nd5
15. Qf3 Bc7 16. Rfe1 Qd6 17. g3 b5 18. Rxe8+ Rxe8 19. Re1 Rd8 20. Qe4 Qf8 21.
Kg2 a5 22. Qf3 a4 23. Nxg6 hxg6 24. Bc2 a3 25. b3 Ba5 26. h4 Re8 27. Rh1 Qe7
28. b4 Bc7 29. Bd3 Qd7 30. h5 g5 31. Bf5 Qd6 32. Bc2 Ne7 33. Re1 Kf8 0-1

[Event "Lindores Abbey Tal Blitz 2021"]
[Site "Riga"]
[Date "2021.11.08"]
[Round "15.38"]
[White "Rakhmanov, Aleksandr"]
[Black "Javakhishvili, Lela"]
[Result "1-0"]
[WhiteElo "2650"]
[BlackElo "2446"]
[Annotator "TA"]
[PlyCount "56"]
[EventDate "2021.11.02"]
[EventType "swiss"]
[EventCountry "LAT"]
[SourceTitle "playchess.com"]
[Source "ChessBase"]
[SourceQuality "1"]

1. c4 e6 2. e4 c5 3. Nf3 a6 4. Nc3 Qc7 5. Be2 b6 6. O-O Bb7 7. d3 d6 8. a3 Nf6
9. b4 Be7 10. Bb2 O-O 11. Re1 Nc6 12. b5 Nd4 13. a4 a5 14. Bf1 e5 15. Nd2 g6
16. g3 Bc8 17. Bg2 Qd8 18. Rf1 Nh5 19. Nd5 Bg5 20. f4 exf4 21. gxf4 Bh6 22. Nb3
Be6 23. Nxd4 cxd4 24. Bc1 Bxd5 25. cxd5 Rc8 26. Bd2 Qh4 27. Be1 Qf6 28. f5 Qe5
1-0

[Event "Lindores Abbey Tal Blitz 2021"]
[Site "Riga"]
[Date "2021.11.08"]
[Round "15.39"]
[White "Abasov, Nijat"]
[Black "Zhu, Jiner"]
[Result "1-0"]
[WhiteElo "2634"]
[BlackElo "2455"]
[Annotator "TA"]
[PlyCount "89"]
[EventDate "2021.11.02"]
[EventType "swiss"]
[EventCountry "LAT"]
[SourceTitle "playchess.com"]
[Source "ChessBase"]
[SourceQuality "1"]

1. d4 Nf6 2. Nf3 e6 3. Bf4 d5 4. e3 Bd6 5. Bxd6 Qxd6 6. c4 dxc4 7. Nbd2 O-O 8.
Nxc4 Qe7 9. Be2 c5 10. dxc5 Qxc5 11. O-O Nc6 12. Rc1 Rd8 13. Qb3 Na5 14. Nxa5
Qxa5 15. Rc2 Bd7 16. Qxb7 Rab8 17. Qa6 Qxa6 18. Bxa6 Nd5 19. a3 Ba4 20. Rd2 Nc7
21. Rxd8+ Rxd8 22. Bc4 a5 23. b3 Bc6 24. Rc1 Nb5 25. Bxb5 Bxb5 26. Nd4 Be8 27.
f4 Kf8 28. Rc5 Ra8 29. Kf2 Ke7 30. Rc7+ Kd6 31. Rb7 Rc8 32. Ra7 Rc5 33. Kf3 h5
34. Ra6+ Ke7 35. Ra7+ Kd6 36. h3 g6 37. g4 hxg4+ 38. hxg4 g5 39. Ra6+ Ke7 40.
f5 e5 41. f6+ Kd8 42. Ra8+ Kd7 43. Nf5 Rc8 44. Rxc8 Kxc8 45. Nd6+ 1-0